<?xml version="1.0" encoding="UTF-8"?><?xml-stylesheet type="text/xsl" href="static/style.xsl"?><OAI-PMH xmlns="http://www.openarchives.org/OAI/2.0/" xmlns:xsi="http://www.w3.org/2001/XMLSchema-instance" xsi:schemaLocation="http://www.openarchives.org/OAI/2.0/ http://www.openarchives.org/OAI/2.0/OAI-PMH.xsd"><responseDate>2026-04-14T03:28:39Z</responseDate><request verb="GetRecord" identifier="oai:www.recercat.cat:20.500.12327/3636" metadataPrefix="marc">https://recercat.cat/oai/request</request><GetRecord><record><header><identifier>oai:recercat.cat:20.500.12327/3636</identifier><datestamp>2025-10-22T11:47:18Z</datestamp><setSpec>com_2072_4428</setSpec><setSpec>com_2072_4427</setSpec><setSpec>col_2072_487896</setSpec></header><metadata><record xmlns="http://www.loc.gov/MARC21/slim" xmlns:dcterms="http://purl.org/dc/terms/" xmlns:xsi="http://www.w3.org/2001/XMLSchema-instance" xmlns:doc="http://www.lyncode.com/xoai" xsi:schemaLocation="http://www.loc.gov/MARC21/slim http://www.loc.gov/standards/marcxml/schema/MARC21slim.xsd">
   <leader>00925njm 22002777a 4500</leader>
   <datafield ind2=" " ind1=" " tag="042">
      <subfield code="a">dc</subfield>
   </datafield>
   <datafield ind2=" " ind1=" " tag="720">
      <subfield code="a">Fartdinov Miller, Dinar</subfield>
      <subfield code="e">author</subfield>
   </datafield>
   <datafield ind2=" " ind1=" " tag="720">
      <subfield code="a">Gou, Pere</subfield>
      <subfield code="e">author</subfield>
   </datafield>
   <datafield ind2=" " ind1=" " tag="720">
      <subfield code="a">Felipe, Francisco Javier</subfield>
      <subfield code="e">author</subfield>
   </datafield>
   <datafield ind2=" " ind1=" " tag="720">
      <subfield code="a">Lekuona, Aritz</subfield>
      <subfield code="e">author</subfield>
   </datafield>
   <datafield ind2=" " ind1=" " tag="260">
      <subfield code="c">2024-11</subfield>
   </datafield>
   <datafield ind2=" " ind1=" " tag="520">
      <subfield code="a">Atualmente a transformação de produtos líquidos em pó é uma prática comum nas&#xd;
indústrias alimentares e de ingredientes. Normalmente esta transformação é feita por&#xd;
pulverização, um processo que requer produtos não viscosos e homogéneos (por exemplo,&#xd;
leite, soro de leite, soja, café...(. Estes requisitos não permitem a transformação de uma&#xd;
grande quantidade de produtos e subprodutos. Além disso, a quantidade de energia para&#xd;
a execução do processo de produção é significativa. Uma alternativa à pulverização normal&#xd;
é a tecnologia PSD (Pulse Spray Drying). A PSD transforma instantaneamente produtos&#xd;
líquidos e pastosos em pó, mantendo o seu valor nutricional e com um custo energético&#xd;
inferior ao da tecnologia tradicional.</subfield>
   </datafield>
   <datafield ind1="8" ind2=" " tag="024">
      <subfield code="a">http://hdl.handle.net/20.500.12327/3636</subfield>
   </datafield>
   <datafield ind2="0" ind1="0" tag="245">
      <subfield code="a">Inovações na secagem de alimentos líquidos: secagem de levedura de cerveja por pulverização pulsada</subfield>
   </datafield>
</record></metadata></record></GetRecord></OAI-PMH>